000 00906nam a2200265 a 4500
999 _c1941
_d1941
001 1941
003 1941
005 20220519134021.0
008 050310s2004 bg b 000 0 eng d
020 _a0595307949
035 _a(BD-JhCC)1941
040 _aBD-JhCC
_dBD-JhCC
041 _aben
082 _a330.95492
_bCHO 2004
100 1 _aচৌধুরী, মাহফুজ.
245 1 0 _aবাংলাদেশে অর্থনৈতিক শোষণ /
_cমাহফুজ চৌধুরী
250 _a2nd ed. (1st ed, published in USA by iUniverse Inc, January 2004)
260 _aঢাকা :
_bশ্রাবন প্রকাশনী,
_c২০০৪.
300 _a116 p. :
_c22 cm.
504 _aIncludes bibliographical references (p. 91-93).
651 0 _aBangladesh
_xEconomic conditions.
651 0 _aBangladesh
_xHistory.
942 _2ddc
_cBK
_01